US State Anagrams - Statistics

General Stats
  • This quiz has been taken 62 times
  • The average score is 7 of 9
Answer Stats
Hint Answer % Correct
Taxes Texas
100%
Haut Utah
98%
Anime Maine
96%
One.org Oregon
94%
Land Army Maryland
81%
Nominates Minnesota
65%
Wonkery New York
60%
Hogan Twins Washington
44%
Nicholas Otaru South Carolina
38%
No matching quizzes found
Score Distribution
Percent of People with Each Score
Percentile by Number Answered
Your Score History
You have not taken this quiz